000 02149nam a22002537a 4500
005 20240305165632.0
007 cr|||| ||||
008 220516s2021 es |||||s|||| 00||0 spa d
020 _a978-84-123671-3-3
035 _a35641
040 _avLex
090 _c13345
_d13345
100 1 _aValverde Villa, Manuel
245 1 2 _aEl origen del crédito territorial en España en el siglo XIX
_h[Recurso electrónico] /
_cManuel Valverde Villa
256 _aServicio en línea
260 _aBarcelona:
_bJ.M. Bosch Editor,
_c2021
300 _a1 recurso electrónico
500 _aEl presente libro contempla el nacimiento en España del crédito territorial, a semejanza de las instituciones francesas y alemanas existentes en Europa en el siglo XIX. El Banco Hipotecario de España fue el primer proyecto en que se materializó la movilización del crédito territorial, basado en ser el Banco un intermediario entre los capitalistas y los propietarios de inmuebles que buscaban recursos en el crédito territorial. Para ello, el Banco concedía préstamos hipotecarios y, a su vez, emitía unos títulos-valores, denominados Cédulas hipotecarias, de un valor auténtico y uniforme, representativas de los préstamos en activo concedidos por el Banco. Estas Cédulas hipotecarias eran negociables por sus tenedores y transmisibles al portador como títulos hipotecarios. Después de tantos años desde su creación, el Banco Hipotecario de España ha cumplido con creces los objetivos iniciales previstos en el año 1872 de su fundación: Financiar a los propietarios de inmuebles y a los agricultores con préstamos hipotecarios a largo plazo y módico interés, tratando de suprimir la usura.
506 1 _aDisponible solo en los productos indicados
_dvLex Global
_dvLex Global (Academic Edition, excluding Law Schools)
_dvLex Global (U.S. Academic Edition, Law Schools)
_dvLex Global (U.S. Academic Edition, excluding Law Schools)
_dvLex Global (Academic Edition, Law Schools)
650 0 4 _aEntidades de crédito
_zEspaña
740 0 _avLex Libros (Servicio en línea)
856 4 0 _uhttps://app.vlex.com/#/sources/35641
942 _cRAA
999 _c171581
_d171581